000 00980nam a2200205Ia 4500
001 16592
003 GE_BSU
008 181216s||||||||xx |||||||||||||| ||und||
040 _cGE_BSU
080 _a821.353.1-1 + 821.353.1-3 + 821-1
100 _aიაშვილი, პ.
245 _aერთტომეული : პოეზია, პროზა, თარგმანები სხვადასხვა ენებიდან
245 _cირ. აბაშიძის წინასიტყვ. რედ. ა. გომიაშვილი. მხ. ო.ჯიშკარიანი
260 _aთბილისი
260 _bსაბჭ. საქართველო
260 _c1965
300 _a465გვ. : 1ფ. პორტრ. ; 22სმ.
653 _aერთტომეული : პოეზია, პროზა, თარგმანები სხვადასხვა ენებიდან
942 _cBK
999 _c49660
_d49660